| 000 | 00939nam a2200253Ia 4500 | ||
|---|---|---|---|
| 003 | OSt | ||
| 005 | 20220926025316.0 | ||
| 006 | a|||||r|||| 00| 0 | ||
| 007 | ta | ||
| 008 | 220923b |||||||| |||| 00| 0 eng d | ||
| 020 |
_a0195140117 _c3920.0700000000002 |
||
| 037 |
_bG-4688/11-12, 09/04/2012, Manohar Publishers & Distributors _cGeneral Book |
||
| 040 |
_aRTL _cRTL _beng |
||
| 041 |
_2eng _aeng |
||
| 082 | _aY15-73(Q3:4196), P1 | ||
| 100 |
_aKelting M Whitney _9146969 |
||
| 245 | 0 |
_aSinging to the Jinas _b Jain Laywomen, Mandal singing, and the negotiations of Jain devotion |
|
| 260 |
_aOxford _bOxford University Press _c2001 |
||
| 300 |
_axx, 268p. _ccm. |
||
| 500 | _aBibliography: P 243-54; Glossary: P 235-41 | ||
| 650 | _aSociology | ||
| 942 |
_hY15-73(Q3:4196), P1 _cGB _2CC |
||
| 999 |
_c646808 _d646808 |
||